000 01067nam a22003257a 4500
003 CHAP
005 20220329135403.0
008 971013s1997 r 00010 d
010 _a35491
011 _a36463
035 _a40582
040 _cCHAP
090 _aTesis
100 0 0 _aHernández Ibarra, Verónico.
_954179
245 _aDesarrollo autofinanciero de una empresa familiar
260 _aChapingo, Méx. :
_bEl autor,
_c1997
300 _a54 h.
502 _aTesis (Ing. Agr. Esp. en Economía Agrícola) -- UACH. Departamento de Economía Agrícola
590 _aALEPH
_b10
_c20130110
_lUCH01
_h1301
590 _aBATCH-UPD
_b10
_c20130110
_lUCH01
_h1147
590 _aBATCH-UPD
_b10
_c20130410
_lUCH01
_h0732
590 _aBATCH-UPD
_b10
_c20130913
_lUCH01
_h1942
590 _aCONVERSION
_b10
_c20130109
_lUCH01
_h1320
650 1 4 _aAdministración de empresas.
_9922
650 1 4 _aHelados.
_953406
901 _aBK
942 _cFOLL
949 _bBC
_cTES
_d33724000636585
_eTS2
_fc.2
_h31290
_i40582
_sb
949 _bBC
_cTES
_d405821
_eTS1
_h31289
_i40582
_sb
999 _c35491
_d35491